| 000 | 00498nam a22001457a 4500 | ||
|---|---|---|---|
| 082 | _a670 | ||
| 100 | _aHussnain, Ali | ||
| 245 |
_aDesign for Manufacture of Environmental Testing Chamber for Photovoltaic Cell / _cAli Hussnain |
||
| 260 |
_aIslamabad : _bSMME - NUST, _c2012. |
||
| 300 |
_a63 p. ; _c30cm. |
||
| 650 |
_aIndustrial & Manufacturing Engineering-MS-Thesis _916120 |
||
| 700 |
_aDr. Imran Hussain _935477 |
||
| 942 |
_2ddc _cTHE |
||
| 999 |
_c541144 _d541144 |
||